| 000 | 02413cam a22005894i 4500 | ||
|---|---|---|---|
| 003 | PE-LiUPU | ||
| 005 | 20250731170444.0 | ||
| 008 | 150625s2006 sp rb 000 0 spa d | ||
| 020 | _a8497563611 | ||
| 020 | _a9788497563611 | ||
| 035 | _a(Sirsi) i9788497563611 | ||
| 040 |
_aPE-LiUPU _bspa _cPE-LiUPU _dPE-LiUPU _erda |
||
| 049 | _aPRUA | ||
| 082 | 0 | 4 |
_a159.943 _bR41 _221 |
| 100 | 1 |
_aRenfrew, John W., _eautor. |
|
| 245 | 1 | 0 |
_aAgresión : _bnaturaleza y control / _cJohn W. Renfrew. |
| 264 | 1 |
_aMadrid : _bSíntesis, _c2006. |
|
| 300 |
_a240 páginas ; _c22 centímetros |
||
| 336 |
_atext _2rdacontent |
||
| 337 |
_aunmediated _2rdamedia |
||
| 338 |
_avolume _2rdacarrier |
||
| 504 | _aIncluye bibliografía al final de cada capítulo. | ||
| 505 | 0 | _a¿Qué es la agresión? ¿Cómo se determinan sus influencias? -- Contribuciones biológicas a la agresividad -- El papel del cerebro en la agresividad y su control -- Los fármacos y la neuroquímica de la agresividad -- Estrés ambiental y agresividad -- Desarrollo y control de la agresividad por medio de la experiencia -- Interacciones sociales, televisión y cine: su impacto sobre la agresividad -- Determinantes de la delincuencia juvenil y su control -- La violencia doméstica -- Perspectivas para la previsión y el control de la agresividad. ¿Qué se ha aprendido y qué se puede esperar?. | |
| 526 | _aSEG68 | ||
| 526 | _aSEG70 | ||
| 526 | _aSEG69 | ||
| 526 | _aSEG67 | ||
| 526 | _aSEG43 | ||
| 526 | _aP144 | ||
| 526 | _aP143 | ||
| 526 | _aP131 | ||
| 526 | _aP122 | ||
| 526 | _aP120 | ||
| 526 | _aP117 | ||
| 526 | _aP112 | ||
| 526 | _aP110 | ||
| 526 | _aP106 | ||
| 526 | _aP101 | ||
| 526 | _aP80 | ||
| 526 | _aP59 | ||
| 526 | _aP54 | ||
| 526 | _aP35 | ||
| 526 | _aP33 | ||
| 526 | _aP30 | ||
| 541 | _g014-0000458; | ||
| 650 | 1 | 4 | _aAgresividad. |
| 942 |
_2ddc _cBOOK |
||
| 949 |
_a159.943 R41 _wDEWEY _c1 _i58971 _d2016-11-9 _e2016-11-6 _lCCODEBUL1 _mBUL _n1 _p28.00 _r0 _sY _tBOOK _u2015-6-25 _xSALUD _PP33 _0COMPRA _o.STAFF. Colección Ciencias de la Salud |
||
| 994 |
_aC0 _bPEPRU |
||
| 596 | _a1 | ||
| 999 |
_a159.943 R41 _wDEWEY _c47809 _i58971 _d47809 _e2018-10-22 _f2021-11-3 _g6 _lCCODEBUL1 _mBUL _n5 _p28.00 _q1 _r0 _sY _tBOOK _u2015-6-25 _xSALUD _zP33 _0COMPRA _o.STAFF. Colección Ciencias de la Salud |
||
| 980 |
_81 _gALBERTO SANCHEZ Responsable de Automatización |
||